Metodología y tecnica de la Investigación juridica / (Registro nro. 18800)

Detalles MARC
000 -LEADER
fixed length control field 01256nam a2200289 4500
001 - CONTROL NUMBER
control field 0000013691
003 - CONTROL NUMBER IDENTIFIER
control field CO-CtgCURN
005 - DATE AND TIME OF LATEST TRANSACTION
control field 20250508194603.0
007 - PHYSICAL DESCRIPTION FIXED FIELD--GENERAL INFORMATION
fixed length control field ta
008 - FIXED-LENGTH DATA ELEMENTS--GENERAL INFORMATION
fixed length control field 160627s1992 000 0 eng d
020 ## - INTERNATIONAL STANDARD BOOK NUMBER
International Standard Book Number 8489210837
040 ## - CATALOGING SOURCE
Original cataloging agency CO-CtgCURN
Language of cataloging spa
Transcribing agency coctgcurn
082 0# - DEWEY DECIMAL CLASSIFICATION NUMBER
Classification number 340.018
Item number G47m
100 1# - MAIN ENTRY--PERSONAL NAME
Personal name Giraldo Angel, Jaime.
245 10 - TITLE STATEMENT
Title Metodología y tecnica de la Investigación juridica /
Statement of responsibility, etc. Jaime Giraldo Angel.
250 ## - EDITION STATEMENT
Edition statement 5a ed.
260 ## - PUBLICATION, DISTRIBUTION, ETC.
Place of publication, distribution, etc. Bogotá :
Name of publisher, distributor, etc. Libreria del Profesional,
Date of publication, distribution, etc. 1992.
300 ## - PHYSICAL DESCRIPTION
Extent 354 p.
336 ## - CONTENT TYPE
Source rdacontent
337 ## - MEDIA TYPE
Source rdamedia
Media type term sin mediacion
Media type code n
338 ## - CARRIER TYPE
Source rdacarrier
Carrier type term volumen
Carrier type code nc
505 8# - FORMATTED CONTENTS NOTE
Formatted contents note Niveles de Investigación en el derecho.--La Investigación juridica.--Fuentes del conocimiento juridico.--Metodos de interpretacion.--Metodo exegetico.--Análisis semantico.--Metodo sistematico.--El metodo sociologico.--Tema juridico.El metodo sociologico en la legislacion colombiana.--La metodología de la Investigación juridica aplicada a la elaboracion del documento jurisprudencial para informatica
650 14 - SUBJECT ADDED ENTRY--TOPICAL TERM
Topical term or geographic name entry element Derecho
Form subdivision Metodología.
908 ## - PUT COMMAND PARAMETER (RLIN)
Put command parameter 160627
942 ## - ADDED ENTRY ELEMENTS (KOHA)
Koha item type Libros
Classification part 340.018
Item part G47m
Source of classification or shelving scheme Dewey Decimal Classification
Suppress in OPAC No
Existencias
Withdrawn status Lost status Source of classification or shelving scheme Damaged status Not for loan Collection Home library Current library Shelving location Date acquired Inventory number Total checkouts Full call number Barcode Date last seen Date last checked out Price effective from Koha item type Public note
    Dewey Decimal Classification     General Miguel Henríquez Castañeda Miguel Henríquez Castañeda General 03/31/2025 003324 1 340.018 G47m 003324 02/02/2026 02/02/2026 03/31/2025 Libros 340-DEREC